000 00512nam a22001697a 4500
999 _c8637
_d8637
008 201209b ||||| |||| 00| 0 eng d
040 _aBMS College of Architecture
100 _aShetty, Nischay
245 _aFishermen's township
300 _a44p.
500 _a1BM12AT047
502 _8B,Arch
_NBMS College of Architecture, Visvesvaraya Technological University (VTU)
_aProject report
_d2016
650 _aKarwar Port
700 _aBhaghyalaxmi M
_eGuide
700 _aAmresh Hati
_eguide
942 _2ddc
_cTHE